Skip to content
VuFind
All Fields
Title
Author
Subject
Call Number
ISBN/ISSN
Tag
Find
Advanced
Humankind emerging
Cite this
Print
Export Record
Export to RefWorks
Export to EndNoteWeb
Export to EndNote
Export to MARC
Humankind emerging
Bibliographic Details
Main Author:
Campbell, Bernard G
Format:
Book
Holdings
Description
Similar Items
Staff View
MARC
LEADER
00000cam a2200000 7i4500
001
0000009781
002
000010649
005
20000330.0
020
|a
T000000812
090
0
0
|a
619.98
|b
CAM
100
1
|a
Campbell, Bernard G
245
1
0
|a
Humankind emerging
999
|a
0000326
|b
BUKU
|c
PINJAMAN
|e
PERPUSTAKAAN KOMUNITI PETALING JAYA
Similar Items
The breast cancer prevention and recovery diet
by: Oliver, Suzannah
Published: (2000)
Atlas of general surgery
Published: (2011)
Surgery : evidence based practice
by: Cohn, Stephen M.
Published: (2012)
A Step-by-step guide to clinical trials
by: Mulay, Marilyn
Published: (2000)
Institutional review board : management and function
by: Amdur, Robert J.
Published: (2002)